000 00972nam a2200301Ia 4500
003 OSt
005 20221006160150.0
006 a|||||r|||| 00| 0
007 ta
008 221006b |||||||| |||| 00| 0 eng d
020 _a9780804842525
_c
_22.95
024 _a44,502
037 _bGift, KCC (Window on Korea)
_cAnnuals, Advances
040 _aEASL
_cEASL
_beng
041 _2eng
_aeng
082 _aY:1v495, Q2
100 _aTudor Daniel
_9672178
245 0 _aKorea
_b The impossible country - South Korea's amazing rise from the ashes
260 _aTokyo
_bTuttle Publication Japan
_c2012
300 _a320p.
_ccm.
490 _v KEL
650 _a KEL
650 _a Korea - Democracy
_9672179
650 _a Korea - Hyun-Shil
_9672180
650 _aKorea - Religions - Buddhism - Confucianism - Christianity
_9672181
942 _hY:1v495, Q2
_cREF
_2CC
999 _c1112594
_d1112594